Statistics for Danske byer fra luftfoto/ortofoto #2

Click here to take the quiz!

General Stats

  • This quiz has been taken 7 times
  • The average score is 9 of 20

Answer Stats

Answer% Correct
Billund
100%
København
100%
Aabenraa
67%
Aarhus
67%
Frederikssund
67%
Gilleleje
67%
Horsens
67%
Kalundborg
67%
Korsør
67%
Middelfart
67%
Frederikshavn
33%
Nykøbing Falster
33%
Ribe
33%
Ringkøbing
33%
Ringsted
33%
Thisted
33%
Fåborg
0%
Grenå
0%
Kerteminde
0%
Viborg
0%

Score Distribution

Percentile by Number Answered

Percent of People with Each Score

Your Score History

You have not taken this quiz